Countries of North America in Alphabetical Order - Statistics

General Stats
  • This quiz has been taken 61 times
  • The average score is 20 of 23
Answer Stats
Population Country % Correct
287,668 B Barbados
97%
98,525 A Antigua and Barbuda
95%
395,997 B Bahamas
95%
402,841 B Belize
95%
18,153,836 G Guatemala
95%
37,980,553 C Canada
92%
5,129,064 C Costa Rica
92%
72,115 D Dominica
92%
10,017,202 H Honduras
92%
11,325,710 C Cuba
90%
10,928,573 D Dominican Republic
90%
6,508,788 E El Salvador
90%
11,502,849 H Haiti
90%
2,970,877 J Jamaica
87%
6,681,497 N Nicaragua
87%
4,365,372 P Panama
87%
332,383,399 U United States
87%
129,925,122 M Mexico
85%
1,403,594 T Trinidad and Tobago
85%
53,468 S St. Kitts and Nevis
82%
184,307 S St. Lucia
82%
111,224 S St. Vincent and the Grenadines
82%
112,927 G Grenada
79%
No matching quizzes found
Score Distribution
Percent of People with Each Score
Percentile by Number Answered
Your Score History
You have not taken this quiz